| 000 | 00657nam a2200181Ia 4500 | ||
|---|---|---|---|
| 008 | 090630s9999 xx 000 0 und d | ||
| 082 | _b4174 | ||
| 100 | _aवाळिंबे वि. स. | ||
| 245 |
_aव्होलगा जेव्हा लाल होते. _cवाळिंबे वि. स. |
||
| 260 |
_b--- _c1968 |
||
| 300 | _a476 | ||
| 600 | _aवाळिंबे वि. स. | ||
| 630 | _aव्होलगा जेव्हा लाल होते. | ||
| 655 | _aइतर. | ||
| 700 | _aवाळिंबे वि. स. | ||
| 730 | _aव्होलगा जेव्हा लाल होते. | ||
| 942 | _cBOOK | ||
| 999 |
_c256030 _d256030 |
||